| 000 | 00765nam a2200289Ia 4500 | ||
|---|---|---|---|
| 008 | 170711s9999 xx 000 0 und d | ||
| 020 | _a9781601630513 | ||
| 050 | _a649.1 | ||
| 050 | _bG647 2009 | ||
| 100 | _aGoode, Caron | ||
| 245 | _aRaising intuitive children : | ||
| 245 | _bguide your children to know and trust their gifts / | ||
| 245 | _cby Caron Goode and Tara Paterson. | ||
| 260 | _aUSA : | ||
| 260 | _bNew Page, | ||
| 260 | _c2009 | ||
| 300 | _a238 pages : | ||
| 300 | _billustrations ; | ||
| 300 | _c23cm. | ||
| 500 | _aIncludes appendix, notes and index. | ||
| 650 | _aChild development. | ||
| 650 | _aExceptional children. | ||
| 650 | _aIntuition. | ||
| 650 | _aParenting. | ||
| 700 | _aPaterson, Tara. | ||
| 700 | _aTitle. | ||
| 999 |
_c339738 _d339738 |
||